| 000 | 01038nam a2200325Ia 4500 | ||
|---|---|---|---|
| 001 | dia_3418 | ||
| 003 | CHAP | ||
| 005 | 20230518122553.0 | ||
| 008 | 220117s1983 xx 000 0 und d | ||
| 010 | _a173881 | ||
| 020 | _a92-5-300491-6 | ||
| 040 | _cCHAP | ||
| 082 | _a638.089607561 D58 1983 | ||
| 100 |
_aDivakaran, S. _933008 |
||
| 245 |
_aIndustrialización y aprovechamiento de la sangre animal / _c S. Divakaran |
||
| 260 |
_aItalia : _b FAO, _c1983 |
||
| 300 | _avi, 105 p. | ||
| 440 |
_aBoletin de servicios Agrícolas de la FAO ; 32 _9154649 |
||
| 503 | _aC/e | ||
| 504 | _aBibliografía : p 95-98 | ||
| 590 | _aTS1962 D58 1983 | ||
| 650 |
_aHematología animal _953496 |
||
| 650 |
_aMataderos _xSubproductos _9154650 |
||
| 650 |
_aSangre _9102210 |
||
| 710 |
_aOrganización de las Naciones Unidas Para la Agricultura y la Alimentación (FAO) _9144278 |
||
| 901 | _a638.089607561 D58 1983 | ||
| 902 | _aM | ||
| 905 | _a5232271983 it da 8226223322spa16 | ||
| 942 |
_cLIBRO _2ddc |
||
| 999 |
_c173881 _d173881 |
||